Mechanics of materials (Record no. 545002)

000 -LEADER
fixed length control field 00428cam a2200145 4500
082 00 - DEWEY DECIMAL CLASSIFICATION NUMBER
Classification number 620.11
Author Mark SHA
-- L-21 , P-68
100 1# - MAIN ENTRY--PERSONAL NAME
Personal name Shanley, F. R.
9 (RLIN) 40758
245 10 - TITLE STATEMENT
Title Mechanics of materials
Statement of responsibility, etc. [by] F. R. Shanley.
260 ## - PUBLICATION, DISTRIBUTION, ETC.
Place of publication, distribution, etc. New York,
Name of publisher, distributor, etc. McGraw-Hill
Date of publication, distribution, etc. [1967]
300 ## - PHYSICAL DESCRIPTION
Extent xv, 455 p.
Other physical details illus.
Dimensions 23 cm.
526 ## - STUDY PROGRAM INFORMATION NOTE
Program name 0
Interest level 0
Reading level 0
Title point value 620_110000000000000_SHA
650 #0 - SUBJECT ADDED ENTRY--TOPICAL TERM
Topical term or geographic name entry element MCE
9 (RLIN) 379
650 #0 - SUBJECT ADDED ENTRY--TOPICAL TERM
Topical term or geographic name entry element Strength of materials.
9 (RLIN) 563
942 ## - ADDED ENTRY ELEMENTS (KOHA)
Source of classification or shelving scheme
Koha item type Book
Holdings
Withdrawn status Lost status Source of classification or shelving scheme Damaged status Not for loan Permanent Location Current Location Date acquired Total Checkouts Full call number Barcode Date last seen Price effective from Koha item type
          Military College of Engineering (MCE) Military College of Engineering (MCE) 05/15/2014   620.11 SHA MCE-5694 05/15/2014 05/15/2014 Book
© 2023 Central Library, National University of Sciences and Technology. All Rights Reserved.